| 000 | 00595nam a22001937a 4500 | ||
|---|---|---|---|
| 005 | 20140811123431.0 | ||
| 010 | _aB-506283-292 | ||
| 020 |
_a9789380828732 _c149.00 |
||
| 035 | _aB-506283-292 | ||
| 037 |
_aKBD/Ven _bdpl |
||
| 082 | _aN | ||
| 100 | _aPodder, Joygopal | ||
| 245 |
_aBeware of the night / _cby Joygopal Podder |
||
| 260 |
_aNew Delhi _bVitasta Publishing _c2012 |
||
| 270 |
_a2/15, Ansari Road, Daryaganj _bDelhi _e110002 |
||
| 300 |
_a206p. _c24cms. |
||
| 942 |
_2ddc _cEN _hN _mPOD |
||
| 999 |
_c87774 _d87774 |
||